<?xml version="1.0" encoding="UTF-8"?>
<record
    xmlns:xsi="http://www.w3.org/2001/XMLSchema-instance"
    xsi:schemaLocation="http://www.loc.gov/MARC21/slim http://www.loc.gov/standards/marcxml/schema/MARC21slim.xsd"
    xmlns="http://www.loc.gov/MARC21/slim">

  <leader>00634nam  22001933  4500</leader>
  <controlfield tag="001">202758</controlfield>
  <datafield tag="090" ind1=" " ind2=" ">
    <subfield code="a">202758</subfield>
  </datafield>
  <datafield tag="100" ind1=" " ind2=" ">
    <subfield code="a">20240814d        u||y0pory50      ba</subfield>
  </datafield>
  <datafield tag="200" ind1=" " ind2=" ">
    <subfield code="a">Husserl </subfield>
    <subfield code="f"> avec un expos&#xE9; de sa philosophie par Lothar Kelkel, Ren&#xE9; Sch&#xE9;rer</subfield>
    <subfield code="e">sa vie, son ouevre </subfield>
  </datafield>
  <datafield tag="210" ind1=" " ind2=" ">
    <subfield code="a">Paris</subfield>
    <subfield code="c">PUF</subfield>
    <subfield code="d">1964</subfield>
  </datafield>
  <datafield tag="215" ind1=" " ind2=" ">
    <subfield code="a">144 p.</subfield>
    <subfield code="c">brochado</subfield>
    <subfield code="d">19 cm</subfield>
  </datafield>
  <datafield tag="225" ind1=" " ind2=" ">
    <subfield code="a">Philosophes</subfield>
    <subfield code="g">colection fond&#xE9;e par &#xC9;mile Br&#xE9;hier</subfield>
  </datafield>
  <datafield tag="606" ind1=" " ind2=" ">
    <subfield code="a">Filosofia</subfield>
    <subfield code="9">32</subfield>
  </datafield>
  <datafield tag="675" ind1=" " ind2=" ">
    <subfield code="a">1</subfield>
    <subfield code="v">FR</subfield>
    <subfield code="z">fra</subfield>
  </datafield>
  <datafield tag="702" ind1=" " ind2=" ">
    <subfield code="9">17636</subfield>
    <subfield code="a">Kelkel</subfield>
    <subfield code="b">Arion Lothar </subfield>
    <subfield code="f">1927-2015</subfield>
  </datafield>
  <datafield tag="702" ind1=" " ind2=" ">
    <subfield code="9">17637</subfield>
    <subfield code="a">Sch&#xE9;rer</subfield>
    <subfield code="b">Ren&#xE9;</subfield>
    <subfield code="f">1922-2023</subfield>
  </datafield>
  <datafield tag="801" ind1=" " ind2=" ">
    <subfield code="a">PT</subfield>
    <subfield code="b">BMMN</subfield>
    <subfield code="g">RPC</subfield>
  </datafield>
  <datafield tag="830" ind1=" " ind2=" ">
    <subfield code="c">Ana Falardo</subfield>
    <subfield code="f">Ana Falardo</subfield>
  </datafield>
  <datafield tag="990" ind1=" " ind2=" ">
    <subfield code="c">LIVROS</subfield>
  </datafield>
  <datafield tag="995" ind1=" " ind2=" ">
    <subfield code="0">0</subfield>
    <subfield code="2">0</subfield>
    <subfield code="5">2026-06-25</subfield>
    <subfield code="9">32557</subfield>
    <subfield code="b">BMMN</subfield>
    <subfield code="f">32269</subfield>
    <subfield code="k">1 HUS|SAF</subfield>
    <subfield code="o">0</subfield>
    <subfield code="r">LIVROS</subfield>
    <subfield code="u">Acesso Condicionado</subfield>
    <subfield code="s">Oferta</subfield>
  </datafield>
</record>
